Banky pod útokem!

Prevencia bánk voči kybernetickým útokom prostredníctvom simulácie cieleného kybernetického útoku. Výhody danej simulácie, hlavné dôvody zlyhania zložiek bezpečnosti.

Salvato in:
Dettagli Bibliografici
Autore principale: Vaněk, Jiří
Natura: Capitolo di libro
Lingua:ceco
Soggetti:
Tags: Aggiungi Tag
Nessun Tag, puoi essere il primo ad aggiungerne!!

MARC

LEADER 00000naa a2200000 4500
001 0258516
005 20190926092704.7
041 0 |a cze 
044 |a CZ 
245 1 0 |a Banky pod útokem!  |c Jiří Vaněk 
520 |a Prevencia bánk voči kybernetickým útokom prostredníctvom simulácie cieleného kybernetického útoku. Výhody danej simulácie, hlavné dôvody zlyhania zložiek bezpečnosti. 
610 2 0 |a bankovníctvo 
610 2 0 |a bezpečnosť kybernetická 
610 2 0 |a audit 
610 2 0 |a útoky kybernetické 
100 1 |a Vaněk, Jiří